| 000 | 00914nam a2200277 a 4500 | ||
|---|---|---|---|
| 001 | 60460 | ||
| 003 | BD-RjUL | ||
| 005 | 20211209080839.0 | ||
| 008 | 170101r19621964ilua 000 0 eng | ||
| 035 | _a(BD-RjUL) 60584 | ||
| 035 | _a(NNC)2421975 | ||
| 040 |
_aDLC _cCSU _dSER _dOCL _dZCU _d(BD-RjUL) _beng |
||
| 041 | _aeng | ||
| 082 |
_a658.15 _223 _bVAC 1964 |
||
| 090 |
_aHG173 _b.V28 1962 |
||
| 100 | 1 |
_aVandell, Robert F. _9179935 |
|
| 245 | 1 | 0 |
_aCase problems in finance / _cby Robert F. Vandell [and] Alan B. Coleman in association with Frank L. Tucker [and others] |
| 250 | _a4th ed. | ||
| 260 |
_aHomewood, Ill. : _bR.D. Irwin, _c1962 [reprint 1964] |
||
| 300 |
_a752 p. : _bill. ; _c24 cm. |
||
| 500 | _aPrevious editions by Pearson Hunt and others. | ||
| 650 | 0 |
_aFinance _vCase studies. _9179936 |
|
| 700 | 1 |
_aColeman, Alan B., _eauthor. _9179937 |
|
| 942 |
_2ddc _cBK |
||
| 999 |
_c60460 _d60460 |
||